[Event "IV C.to Europeo seniores"]
[Site "Arvier ITA"]
[Date "2004.09.12"]
[Round "3"]
[White "Ljubarskij, Juri"]
[Black "Rosino, Antonio"]
[Result "1/2-1/2"]
[WhiteElo "2338"]
[BlackElo "2277"]
[PlyCount "94"]
[EventDate "2004.09.10"]

1. e4 e5 2. Nf3 Nc6 3. Bb5 a6 4. Ba4 Nf6 5. d4 exd4 6. O-O Be7 7. e5 Ne4 8.
Nxd4 Nxd4 9. Qxd4 Nc5 10. Nc3 O-O 11. Bb3 Nxb3 12. axb3 d6 13. exd6 Bxd6 14.
Bf4 Bf5 15. Bxd6 Qxd6 16. Qxd6 cxd6 17. Rac1 Rac8 18. Rfd1 Rfe8 19. f3 Rc6 20.
Kf2 g5 21. Rd2 Re5 22. Re1 f6 23. Ne4 Bxe4 24. Rxe4 Rxe4 25. fxe4 Kf7 26. Ke3
Ke6 27. Kd4 Rc5 28. c4 f5 29. b4 Re5 30. exf5+ Rxf5 31. Re2+ Re5 32. Rf2 d5 33.
b3 Re4+ 34. Kd3 Ke5 35. Rf7 dxc4+ 36. bxc4 Rh4 37. h3 b5 38. cxb5 axb5 39. Kc3
g4 40. Rb7 gxh3 41. Rxb5+ Kd6 42. gxh3 Rxh3+ 43. Kc4 Rh4+ 44. Kb3 Kc6 45. Rf5
Kb6 46. Ka4 Rh6 47. Rg5 Rg6 1/2-1/2

[Event "IV C.to Europeo seniores"]
[Site "Arvier ITA"]
[Date "2004.09.12"]
[Round "3"]
[White "Loktiev, Ivan"]
[Black "Arnaudov, Petar"]
[Result "1-0"]
[WhiteElo "2410"]
[BlackElo "2222"]
[PlyCount "61"]
[EventDate "2004.09.10"]

1. d4 Nf6 2. Nf3 b5 3. Bf4 e6 4. e3 a6 5. Be2 Bb7 6. h3 Be7 7. Nbd2 O-O 8. O-O
d6 9. c3 Nbd7 10. a4 c6 11. Qb3 Qc7 12. Rfd1 Nb6 13. a5 Nbd7 14. c4 e5 15. Bh2
Rfe8 16. Qa2 Bf8 17. Rac1 Qd8 18. Nb3 e4 19. Nfd2 Qe7 20. d5 Ne5 21. dxc6 Bxc6
22. Nd4 b4 23. Bxe5 dxe5 24. Nxc6 Qc5 25. Qa4 Rec8 26. Nxb4 Qxb4 27. Qxb4 Bxb4
28. Nb3 Rcb8 29. c5 Ba3 30. bxa3 Rxb3 31. c6 1-0

[Event "IV C.to Europeo seniores"]
[Site "Arvier ITA"]
[Date "2004.09.12"]
[Round "3"]
[White "Pipitone, Antonio"]
[Black "Chernikov, Oleg L."]
[Result "1/2-1/2"]
[WhiteElo "2029"]
[BlackElo "2412"]
[PlyCount "103"]
[EventDate "2004.09.10"]

1. e4 c5 2. Nf3 g6 3. d4 cxd4 4. Nxd4 Bg7 5. c4 Nc6 6. Be3 Nf6 7. Nc3 Ng4 8.
Qxg4 Bxd4 9. Bxd4 Nxd4 10. Qd1 e5 11. Bd3 d6 12. O-O Be6 13. Ne2 Nc6 14. Qd2
Qb6 15. Rac1 O-O 16. Kh1 Qb4 17. Rc3 a5 18. f4 exf4 19. Rxf4 Qc5 20. Rh4 Qe5
21. Bb1 a4 22. Ng1 Ra5 23. Nf3 Qf6 24. Rf4 Qg7 25. h4 Qh6 26. Rxf7 Qxd2 27.
Rxf8+ Kxf8 28. Nxd2 a3 29. bxa3 Ke7 30. Bd3 Rh5 31. g3 g5 32. Nf3 gxh4 33. Nxh4
Kd7 34. Kg2 Rc5 35. Rb3 Kc7 36. Rb5 Ne5 37. Rxc5+ dxc5 38. Bb1 Nxc4 39. e5 Nxa3
40. Bxh7 Bxa2 41. g4 b5 42. g5 b4 43. Bf5 b3 44. Be6 c4 45. g6 Bb1 46. Nf5 Be4+
47. Kg3 b2 48. g7 b1=Q 49. g8=Q Qg1+ 50. Kf4 Qxg8 51. Bxg8 c3 52. Nd4 1/2-1/2

[Event "IV C.to Europeo seniores"]
[Site "Arvier ITA"]
[Date "2004.09.12"]
[Round "3"]
[White "Popivoda, Radmila"]
[Black "Mueller, Heinz"]
[Result "1-0"]
[WhiteElo "2234"]
[BlackElo "1995"]
[PlyCount "31"]
[EventDate "2004.09.10"]

1. e4 g6 2. d4 Bg7 3. Nc3 b6 4. Be3 Ba6 5. Nge2 Nf6 6. f3 d6 7. Qd2 Nbd7 8. Bh6
Kf8 9. h4 Ng8 10. Bxg7+ Kxg7 11. h5 e6 12. O-O-O Ngf6 13. g4 h6 14. hxg6 fxg6
15. Nf4 Qc8 16. Nxe6+ 1-0

[Event "IV C.to Europeo seniores"]
[Site "Arvier ITA"]
[Date "2004.09.12"]
[Round "3"]
[White "Rotelli, Pietro"]
[Black "Joksic, Sinisa"]
[Result "0-1"]
[WhiteElo "2031"]
[BlackElo "2340"]
[PlyCount "58"]
[EventDate "2004.09.10"]

1. d4 d5 2. c4 c6 3. Nc3 e6 4. e3 f5 5. Bd3 Nf6 6. Nge2 Bd6 7. f4 Nbd7 8. b3
Ne4 9. Nxe4 fxe4 10. Bc2 O-O 11. O-O Qh4 12. g3 Qh3 13. Rf2 Nf6 14. Qf1 Qxf1+
15. Rxf1 b6 16. Re1 Ba6 17. c5 bxc5 18. Ba3 Nd7 19. dxc5 Bxc5 20. Bxc5 Nxc5 21.
Nd4 Rfc8 22. b4 Nd3 23. Bxd3 exd3 24. Nxe6 Bc4 25. Nc5 a5 26. a3 axb4 27. axb4
d2 28. Red1 Rxa1 29. Rxa1 Be2 0-1

[Event "IV C.to Europeo seniores"]
[Site "Arvier ITA"]
[Date "2004.09.12"]
[Round "3"]
[White "Saunina, Ludmila"]
[Black "Bitzer, Dieter"]
[Result "1-0"]
[WhiteElo "2282"]
[BlackElo "2018"]
[PlyCount "77"]
[EventDate "2004.09.10"]

1. e4 e5 2. Nf3 Nc6 3. Bb5 a6 4. Ba4 d6 5. c4 Nf6 6. Nc3 Be7 7. d4 exd4 8. Nxd4
Bd7 9. Bxc6 bxc6 10. O-O O-O 11. Re1 c5 12. Nde2 Bc6 13. Nf4 Re8 14. b3 Bf8 15.
f3 g6 16. Bb2 Bg7 17. Qc2 Nd7 18. Ncd5 Ne5 19. Rad1 Rc8 20. Bc3 Bxd5 21. Nxd5
c6 22. Ne3 Qe7 23. Qb2 f6 24. h3 Nf7 25. Ng4 f5 26. exf5 Bxc3 27. Qxc3 Qh4 28.
Nf6+ Kf8 29. Nxe8 Rxe8 30. Rxe8+ Kxe8 31. fxg6 hxg6 32. Qe1+ Qxe1+ 33. Rxe1+
Kd7 34. Kf2 d5 35. f4 Nd6 36. Kf3 dxc4 37. bxc4 Nxc4 38. Rc1 Nd2+ 39. Ke3 1-0

[Event "IV C.to Europeo seniores"]
[Site "Arvier ITA"]
[Date "2004.09.12"]
[Round "3"]
[White "Stepak, Yedael"]
[Black "Tseitlin, Mark D."]
[Result "0-1"]
[WhiteElo "2302"]
[BlackElo "2484"]
[PlyCount "113"]
[EventDate "2004.09.10"]

1. d4 Nf6 2. Nf3 g6 3. Bf4 Bg7 4. e3 O-O 5. h3 d6 6. Be2 c5 7. c3 b6 8. O-O Bb7
9. a4 Nc6 10. Na3 Rc8 11. Nc4 Ba6 12. Na3 Bb7 13. Nc4 Nd7 14. Rb1 d5 15. Nce5
Ndxe5 16. dxe5 e6 17. Bb5 Qc7 18. Bxc6 Bxc6 19. Ra1 h6 20. Re1 Rfd8 21. Qe2 Qb7
22. Red1 a5 23. Rd2 Rd7 24. b3 Rcd8 25. Rad1 b5 26. axb5 Bxb5 27. Qe1 Bc6 28.
Ra2 d4 29. cxd4 Bxf3 30. gxf3 Qxf3 31. Bg3 cxd4 32. exd4 Rxd4 33. Rxd4 Rxd4 34.
Ra1 Rd5 35. Kh2 h5 36. h4 Bh6 37. Qh1 Qxb3 38. Qe4 Qb4 39. Qf3 Qg4 40. Qxg4
hxg4 41. Ra4 Bg7 42. Re4 Rb5 43. Kg2 Rb4 44. Re2 a4 45. Rc2 Rb8 46. Ra2 Ra8 47.
Bf4 a3 48. Kg3 Ra4 49. f3 gxf3 50. Kxf3 Bf8 51. Bg5 Kh7 52. Kg2 Bh6 53. Bf6 Ra7
54. Kf3 Bg7 55. Kg4 Ra4+ 56. Kg3 Bxf6 57. exf6 0-1

[Event "IV C.to Europeo seniores"]
[Site "Arvier ITA"]
[Date "2004.09.12"]
[Round "3"]
[White "Van den Berg, Adrianus M.J."]
[Black "Marjanovic, Slavko"]
[Result "1-0"]
[WhiteElo "2286"]
[BlackElo "2024"]
[PlyCount "55"]
[EventDate "2004.09.10"]

1. c4 Nf6 2. Nc3 e6 3. e4 c5 4. e5 Ng8 5. d4 cxd4 6. Qxd4 Nc6 7. Qe4 a6 8. Nf3
d6 9. Bf4 dxe5 10. Nxe5 Nxe5 11. Qxe5 Ne7 12. Rd1 Bd7 13. Bd3 Qc8 14. Qh5 h6
15. O-O Nc6 16. Ne4 Be7 17. Nd6+ Bxd6 18. Bxd6 Ne7 19. Rfe1 b6 20. Qh4 Qd8 21.
Be4 Ra7 22. c5 b5 23. Rd3 g5 24. Qh5 Kf8 25. c6 Be8 26. Be5 Qxd3 27. Bxd3 f6
28. Qf3 1-0

[Event "IV C.to Europeo seniores"]
[Site "Arvier ITA"]
[Date "2004.09.12"]
[Round "3"]
[White "Wagman, Stuart"]
[Black "Jakobsen, Ole"]
[Result "1/2-1/2"]
[WhiteElo "2139"]
[BlackElo "2379"]
[PlyCount "47"]
[EventDate "2004.09.10"]

1. e4 d6 2. d4 g6 3. Nf3 Bg7 4. Nc3 a6 5. Be2 b5 6. a3 Bb7 7. O-O Nd7 8. Re1 c5
9. Bf1 cxd4 10. Nxd4 Ngf6 11. f3 O-O 12. Be3 Rc8 13. Qd2 Ne5 14. Rad1 Nc4 15.
Bxc4 Rxc4 16. Na2 Nd7 17. c3 Ne5 18. Bh6 Rc5 19. Bxg7 Kxg7 20. Qf2 Qc8 21. Nb4
Re8 22. Nb3 Rc7 23. Na5 Kg8 24. Nxb7 1/2-1/2

[Event "IV C.to Europeo seniores"]
[Site "Arvier ITA"]
[Date "2004.09.12"]
[Round "3"]
[White "Zhelesny, Stanislav"]
[Black "Shabanov, Yuri"]
[Result "0-1"]
[WhiteElo "2274"]
[BlackElo "2429"]
[PlyCount "84"]
[EventDate "2004.09.10"]

1. d4 d5 2. c4 c6 3. e3 Bf5 4. Nc3 e6 5. Nf3 Nf6 6. Be2 Nbd7 7. O-O Bd6 8. c5
Bc7 9. b4 a6 10. Bb2 e5 11. dxe5 Nxe5 12. Nxe5 Bxe5 13. f4 Bc7 14. g4 Be6 15.
g5 Nd7 16. e4 Bxf4 17. exd5 Qxg5+ 18. Kh1 cxd5 19. Rxf4 Qxf4 20. Nxd5 Bxd5+ 21.
Qxd5 Nf6 22. Qxb7 O-O 23. Rg1 Rae8 24. Qg2 g6 25. Rf1 Qd2 26. Bxa6 Qxg2+ 27.
Kxg2 Nd5 28. Bc1 Nxb4 29. Bc4 Re4 30. Bb3 Re2+ 31. Kg3 Nd3 32. Bc4 Nxc1 33.
Rxc1 Re3+ 34. Kf2 Re5 35. Bb3 Rc8 36. c6 Kf8 37. Bd1 Ra5 38. Rc2 Rca8 39. Ke3
Ke7 40. Rc4 Kd6 41. Kd4 Rd5+ 42. Ke3 Rxd1 0-1

[Event "IV C.to Europeo seniores"]
[Site "Arvier ITA"]
[Date "2004.09.13"]
[Round "4"]
[White "Arnaudov, Petar"]
[Black "Pipitone, Antonio"]
[Result "1-0"]
[WhiteElo "2222"]
[BlackElo "2029"]
[PlyCount "121"]
[EventDate "2004.09.10"]

1. e4 c5 2. Nc3 Nc6 3. g3 Nf6 4. Bg2 d6 5. d3 e6 6. g4 h6 7. h4 a6 8. g5 Ng8 9.
f4 Nge7 10. Be3 b6 11. Qf3 Bb7 12. Nge2 d5 13. exd5 Nb4 14. O-O-O Nbxd5 15. Bf2
Nxc3 16. Qxb7 Nxe2+ 17. Kd2 Rb8 18. Bc6+ Nxc6 19. Qxc6+ Qd7 20. Qxd7+ Kxd7 21.
Kxe2 Bd6 22. Kf3 hxg5 23. hxg5 Kc6 24. Kg4 b5 25. f5 exf5+ 26. Kxf5 Rbe8 27.
Rxh8 Rxh8 28. Rd2 Rh2 29. Be3 Rh3 30. Re2 Kd5 31. c3 Rf3+ 32. Kg4 Rf1 33. b3 g6
34. c4+ Kc6 35. Rf2 Rg1+ 36. Kf3 Be7 37. Ke2 Bxg5 38. Bxg5 Rxg5 39. Rf6+ Kb7
40. Rxf7+ Kb6 41. Ke3 bxc4 42. Rf6+ Ka5 43. bxc4 Rg2 44. a3 Ra2 45. Rc6 Rxa3
46. Rxc5+ Kb4 47. Rg5 a5 48. Rxg6 a4 49. Kd4 Rb3 50. Rb6+ Ka3 51. Ra6 Rb8 52.
c5 Rb4+ 53. Kd5 Kb3 54. c6 Rb8 55. c7 Rh8 56. d4 a3 57. Kc5 a2 58. d5 Kb2 59.
d6 a1=Q 60. Rxa1 Kxa1 61. d7 1-0

[Event "IV C.to Europeo seniores"]
[Site "Arvier ITA"]
[Date "2004.09.13"]
[Round "4"]
[White "Asmundsson, Ingvar"]
[Black "Giani, Franco"]
[Result "1-0"]
[WhiteElo "2295"]
[BlackElo "2096"]
[PlyCount "109"]
[EventDate "2004.09.10"]

1. e4 g6 2. d4 Bg7 3. Nc3 d6 4. Be3 Nf6 5. f3 O-O 6. Qd2 Nc6 7. Nce2 e5 8. d5
Ne7 9. g4 c6 10. c4 a6 11. Nc3 Bd7 12. dxc6 Bxc6 13. O-O-O Ne8 14. c5 Nc8 15.
Kb1 Qa5 16. Nd5 Qxd2 17. Rxd2 Bxd5 18. Rxd5 Nc7 19. Rd1 dxc5 20. Bxc5 Re8 21.
Bc4 b6 22. Rd7 Ne6 23. Bxe6 fxe6 24. Be3 Rf8 25. h4 h6 26. Rh2 Rb8 27. Rc2 Rf7
28. Rcc7 Rxd7 29. Rxd7 Kf8 30. Ne2 Ne7 31. Rd6 Kf7 32. Rxb6 Rxb6 33. Bxb6 g5
34. h5 Nc6 35. Kc2 Bf8 36. Kc3 Ke8 37. a3 Kd7 38. Kc4 Kc8 39. b4 Kb7 40. Be3
Be7 41. Nc1 Nd8 42. Nd3 Nf7 43. Nc5+ Bxc5 44. Bxc5 Kc6 45. a4 Nd8 46. b5+ axb5+
47. axb5+ Kd7 48. Bf8 Nf7 49. Kc5 Kc7 50. b6+ Kb7 51. Kb5 Nd8 52. Bxh6 Nc6 53.
Bxg5 Nd4+ 54. Ka5 Nxf3 55. Bf6 1-0

[Event "IV C.to Europeo seniores"]
[Site "Arvier ITA"]
[Date "2004.09.13"]
[Round "4"]
[White "Beliaeva, Natalia"]
[Black "Zhelesny, Stanislav"]
[Result "1/2-1/2"]
[WhiteElo "2110"]
[BlackElo "2274"]
[PlyCount "75"]
[EventDate "2004.09.10"]

1. d4 Nf6 2. Nf3 g6 3. g3 Bg7 4. Bg2 O-O 5. O-O d5 6. c4 c6 7. cxd5 Nxd5 8. e4
Nb6 9. Nc3 Bg4 10. Ne2 Qd7 11. Qb3 Na6 12. Be3 Be6 13. Qd1 Rad8 14. Qc1 Bc4 15.
Re1 Rfe8 16. Ne5 Bxe5 17. dxe5 Bxe2 18. Rxe2 Qe6 19. f4 Rd3 20. b3 Red8 21. Rd2
Rxd2 22. Bxd2 Qd7 23. Be3 Qd3 24. Qe1 Nb4 25. Bxb6 Nc2 26. Qf2 axb6 27. Rc1 Ne3
28. Bf3 Qd2 29. Re1 Qxf2+ 30. Kxf2 Nc2 31. Rd1 Nd4 32. g4 c5 33. Be2 Kf8 34.
Bc4 b5 35. Bxb5 Ra8 36. a4 Nxb3 37. Rd7 Rb8 38. f5 1/2-1/2

[Event "IV C.to Europeo seniores"]
[Site "Arvier ITA"]
[Date "2004.09.13"]
[Round "4"]
[White "Birens, Eric-Andre'"]
[Black "Saunina, Ludmila"]
[Result "1/2-1/2"]
[WhiteElo "2116"]
[BlackElo "2282"]
[PlyCount "90"]
[EventDate "2004.09.10"]

1. d4 Nf6 2. c4 e6 3. Nc3 Bb4 4. e3 c5 5. a3 Bxc3+ 6. bxc3 O-O 7. Bd3 d6 8. Ne2
e5 9. e4 Re8 10. d5 Nbd7 11. O-O Nf8 12. f3 Ng6 13. g3 Bh3 14. Re1 h6 15. Be3
Qd7 16. Kh1 Nh7 17. Qd2 Qc8 18. Ng1 Bd7 19. a4 b6 20. a5 bxa5 21. Rxa5 Qc7 22.
Rea1 Reb8 23. Ra6 Ne7 24. g4 f6 25. h4 g5 26. h5 Bc8 27. R6a5 a6 28. Qa2 Rb6
29. Qa4 Kf7 30. Ne2 Rab8 31. Kg2 Nf8 32. Ra2 Rb3 33. Bc2 Rb2 34. Rxb2 Rxb2 35.
Bd3 Nd7 36. Bc1 Rb8 37. Qa2 Rb6 38. Kf2 Nb8 39. Ke3 Rb7 40. Bc2 Qb6 41. Ra3 Ra7
42. Ra5 Nd7 43. Kd2 Qc7 44. Bd3 Qb6 45. Bc2 Qc7 1/2-1/2

[Event "IV C.to Europeo seniores"]
[Site "Arvier ITA"]
[Date "2004.09.13"]
[Round "4"]
[White "Bukal, Vladimir sr"]
[Black "Hecht, Hans-Joachim"]
[Result "1/2-1/2"]
[WhiteElo "2397"]
[BlackElo "2423"]
[PlyCount "156"]
[EventDate "2004.09.10"]

1. c4 Nf6 2. Nc3 e6 3. e4 d5 4. e5 d4 5. exf6 dxc3 6. bxc3 Qxf6 7. Nf3 Nd7 8.
d4 h6 9. Bd3 c5 10. O-O Bd6 11. Qe2 Qe7 12. a4 b6 13. a5 Bb7 14. Re1 O-O 15.
Ne5 cxd4 16. Nxd7 Qxd7 17. a6 Bc6 18. cxd4 Rfd8 19. Be3 Be7 20. Qg4 Bf6 21.
Rad1 Qc7 22. d5 Ba4 23. Rb1 Be8 24. Qe4 g6 25. Bxh6 exd5 26. cxd5 Qc3 27. Rbc1
Qd4 28. Qf3 Rac8 29. Rcd1 Qh4 30. Bf4 Bd7 31. Bg3 Qh8 32. Rc1 Qg7 33. h3 b5 34.
Rxc8 Rxc8 35. Rb1 Be5 36. Kh2 Rc3 37. Qe3 Bxg3+ 38. fxg3 Qf6 39. Qxa7 Rxd3 40.
Qb8+ Kg7 41. a7 Ra3 42. a8=Q Rxa8 43. Qxa8 Bxh3 44. Qa1 Qxa1 45. Rxa1 Bf5 46.
Ra6 Be4 47. d6 Kf6 48. Rb6 Ke6 49. g4 Kd7 50. Rxb5 Kxd6 51. g5 Bd3 52. Ra5 Ke7
53. Kg3 Kf8 54. Kf4 Kg7 55. Rc5 Bb1 56. Ke5 Ba2 57. g3 Bb3 58. Rc6 Ba2 59. Kd4
Bb3 60. Ra6 Bd1 61. Rb6 Bc2 62. Kc4 Bd1 63. Rf6 Be2+ 64. Kd5 Bd1 65. Rb6 Bg4
66. Ke5 Be2 67. Rb4 Bd3 68. g4 Be2 69. Kd6 Kf8 70. Kd7 Bf3 71. Kd6 Be2 72. Ke5
Kg7 73. Kd6 Kf8 74. Rd4 Bf3 75. Ke5 Kg7 76. Rf4 Bd1 77. Rb4 Be2 78. Kd6 Kf8
1/2-1/2

[Event "IV C.to Europeo seniores"]
[Site "Arvier ITA"]
[Date "2004.09.13"]
[Round "4"]
[White "Estrada Martinez, Cesar"]
[Black "Gousseinov, Aguif"]
[Result "0-1"]
[WhiteElo "2235"]
[BlackElo "2059"]
[PlyCount "80"]
[EventDate "2004.09.10"]

1. Nf3 d5 2. c4 e6 3. g3 Nf6 4. Bg2 c6 5. b3 Nbd7 6. Bb2 Bd6 7. d4 O-O 8. O-O
Re8 9. Nc3 Qe7 10. Re1 Bb4 11. a3 Ba5 12. b4 Bc7 13. Qd3 dxc4 14. Qxc4 e5 15.
e4 exd4 16. Qxd4 Ne5 17. Rad1 Bg4 18. Qe3 Nfd7 19. Na4 Nc4 20. Qc3 Nxb2 21.
Nxb2 Be5 22. Nxe5 Bxd1 23. Nxd7 Bg4 24. Nc5 Red8 25. h3 Bh5 26. f4 f6 27. e5
fxe5 28. Rxe5 Qf6 29. Nxb7 Re8 30. Bxc6 Rxe5 31. fxe5 Qf5 32. Nd6 Qb1+ 33. Kh2
Rf8 34. Bd5+ Kh8 35. Bf7 Qf1 36. e6 Qf2+ 37. Kh1 Bf3+ 38. Qxf3 Qxf3+ 39. Kg1
Qxg3+ 40. Kh1 Qxd6 0-1

[Event "IV C.to Europeo seniores"]
[Site "Arvier ITA"]
[Date "2004.09.13"]
[Round "4"]
[White "Etmans, Maarten D."]
[Black "Kraaykamp, Wim"]
[Result "1-0"]
[WhiteElo "2213"]
[BlackElo "1955"]
[PlyCount "111"]
[EventDate "2004.09.10"]

1. e4 c6 2. d4 d5 3. e5 c5 4. dxc5 Nc6 5. Nf3 Bg4 6. Be2 e6 7. Bf4 Bxc5 8. Nbd2
Nge7 9. O-O Ng6 10. Bg3 Qc7 11. Re1 h5 12. h4 Be7 13. c3 Qd8 14. Qb3 Rb8 15.
Bb5 a6 16. Bxc6+ bxc6 17. Qa4 Rxb2 18. Rab1 Rxb1 19. Rxb1 O-O 20. Qxc6 Nxh4 21.
Bxh4 Bxh4 22. Qxa6 Bg5 23. Qd6 Be7 24. Qxd8 Rxd8 25. Rb7 Bc5 26. Rc7 Bb6 27.
Rc6 Rb8 28. c4 Ba5 29. Nb3 Bc3 30. cxd5 Bxf3 31. gxf3 Bxe5 32. dxe6 fxe6 33.
Rxe6 Bf6 34. Re4 Rb5 35. Kg2 Rg5+ 36. Kh3 Rf5 37. f4 Rb5 38. Rc4 Kf7 39. Nc1
Ke6 40. a4 Kd5 41. axb5 Kxc4 42. b6 Bd8 43. b7 Bc7 44. Kh4 g6 45. Kg5 h4 46.
Kxh4 Bxf4 47. Kg4 Bd6 48. Kg5 Kd5 49. Nb3 Kc6 50. Na5+ Kc7 51. Kxg6 Bf4 52. Kf5
Bh2 53. f4 Bg1 54. Ke6 Ba7 55. f5 Kb6 56. f6 1-0

[Event "IV C.to Europeo seniores"]
[Site "Arvier ITA"]
[Date "2004.09.13"]
[Round "4"]
[White "Gruzmann, Boris"]
[Black "Hallerod, Ralph"]
[Result "1-0"]
[WhiteElo "2314"]
[BlackElo "2111"]
[PlyCount "97"]
[EventDate "2004.09.10"]

1. e4 c6 2. d4 d5 3. e5 Bf5 4. h4 h6 5. g4 Be4 6. f3 Bg6 7. h5 Bh7 8. e6 fxe6
9. Bd3 Qd6 10. Bxh7 Qg3+ 11. Kf1 Rxh7 12. Qd3 Nf6 13. Ne2 Qc7 14. Bf4 Qb6 15.
Nbc3 Na6 16. a4 c5 17. a5 Qc6 18. Be5 Rh8 19. dxc5 Nxc5 20. Qg6+ Kd8 21. Nd4
Qa6+ 22. Kg2 Rc8 23. Rhe1 Qc4 24. Qf7 Nfd7 25. Rad1 Rc6 26. Nxc6+ bxc6 27. Bd4
Qb4 28. Ne2 e5 29. Bc3 Qb8 30. Ng3 Qd6 31. b4 Ne6 32. Ne4 Nf4+ 33. Qxf4 exf4
34. Nxd6 exd6 35. b5 cxb5 36. Rxd5 a6 37. Rf5 Rg8 38. Rxf4 g6 39. hxg6 Rxg6 40.
Rfe4 Kc7 41. Bd4 Kc6 42. Re8 h5 43. Kg3 hxg4 44. fxg4 Bh6 45. Ra8 Bg7 46. Rxa6+
Kd5 47. Bxg7 Rxg7 48. Rd1+ Kc4 49. Ra7 1-0

[Event "IV C.to Europeo seniores"]
[Site "Arvier ITA"]
[Date "2004.09.13"]
[Round "4"]
[White "Jakobsen, Ole"]
[Black "Van den Berg, Adrianus M.J."]
[Result "1/2-1/2"]
[WhiteElo "2379"]
[BlackElo "2286"]
[PlyCount "28"]
[EventDate "2004.09.10"]

1. d4 g6 2. e4 Bg7 3. c4 d6 4. Nc3 f5 5. exf5 Bxf5 6. Bd3 Bxd4 7. Bxf5 Bxc3+ 8.
bxc3 gxf5 9. Qh5+ Kd7 10. Qxf5+ e6 11. Qh3 Qf6 12. Ne2 Ne7 13. O-O Nbc6 14. c5
Qf5 1/2-1/2

[Event "IV C.to Europeo seniores"]
[Site "Arvier ITA"]
[Date "2004.09.13"]
[Round "4"]
[White "Joksic, Sinisa"]
[Black "Strelnikova, Elena"]
[Result "1-0"]
[WhiteElo "2340"]
[BlackElo "2133"]
[PlyCount "89"]
[EventDate "2004.09.10"]

1. c4 Nf6 2. Nf3 e6 3. g3 b6 4. Bg2 Bb7 5. O-O Be7 6. Nc3 O-O 7. Re1 d5 8. Ne5
c5 9. d4 cxd4 10. Qxd4 Bc5 11. Qh4 Ne4 12. Nxe4 Qxh4 13. gxh4 dxe4 14. Rd1 f5
15. Bf4 Re8 16. h5 Nc6 17. Rd7 Bc8 18. Rd2 Nxe5 19. Bxe5 Ba6 20. b3 Rad8 21.
Rad1 Rxd2 22. Rxd2 e3 23. Rd7 exf2+ 24. Kf1 Re7 25. Rxe7 Bxe7 26. Bb8 Bc5 27.
Bxa7 Kf7 28. a4 Bd6 29. Bxb6 Bxh2 30. Kxf2 Ke7 31. c5 g5 32. hxg6 hxg6 33. b4
Bc4 34. a5 Ba6 35. Bc6 Bb8 36. b5 Bc8 37. a6 Bd7 38. Bxd7 Kxd7 39. a7 Bxa7 40.
Bxa7 Kc7 41. Bb6+ Kb7 42. Ba5 g5 43. c6+ Kb8 44. b6 e5 45. Bb4 1-0

[Event "IV C.to Europeo seniores"]
[Site "Arvier ITA"]
[Date "2004.09.13"]
[Round "4"]
[White "Karl, Hans"]
[Black "Loktiev, Ivan"]
[Result "1/2-1/2"]
[WhiteElo "2283"]
[BlackElo "2410"]
[PlyCount "20"]
[EventDate "2004.09.10"]

1. e4 e5 2. Nf3 Nc6 3. Bb5 Nf6 4. Qe2 Bc5 5. c3 O-O 6. O-O d6 7. h3 Bd7 8. d3
h6 9. Be3 Bxe3 10. fxe3 Na5 1/2-1/2

[Event "IV C.to Europeo seniores"]
[Site "Arvier ITA"]
[Date "2004.09.13"]
[Round "4"]
[White "Kock, Hans-Uwe"]
[Black "Sorokin, Valentin"]
[Result "0-1"]
[WhiteElo "2172"]
[BlackElo "2388"]
[PlyCount "45"]
[EventDate "2004.09.10"]

1. d4 Nf6 2. c4 e6 3. Nf3 d5 4. e3 Nbd7 5. Nc3 Bb4 6. a3 Bxc3+ 7. bxc3 O-O 8.
cxd5 exd5 9. c4 c5 10. cxd5 Nxd5 11. Bb2 b6 12. Be2 Bb7 13. O-O Rc8 14. Rc1 Qe7
15. Re1 Rfd8 16. dxc5 Nxc5 17. Nd4 Nxe3 18. fxe3 Qxe3+ 19. Kh1 Ne4 20. Rf1 Nf2+
21. Rxf2 Qxf2 22. Qf1 Rxc1 23. Bxc1 0-1

[Event "IV C.to Europeo seniores"]
[Site "Arvier ITA"]
[Date "2004.09.13"]
[Round "4"]
[White "Krasevec, Viktor"]
[Black "Popivoda, Radmila"]
[Result "0-1"]
[WhiteElo "2043"]
[BlackElo "2234"]
[PlyCount "40"]
[EventDate "2004.09.10"]

1. d4 Nf6 2. c4 e5 3. dxe5 Ng4 4. e4 Nxe5 5. f4 Nec6 6. Be3 Na6 7. Nc3 Bc5 8.
Bxc5 Nxc5 9. Nf3 d6 10. Nd4 O-O 11. Nxc6 bxc6 12. Bd3 Rb8 13. Rb1 Qh4+ 14. g3
Qh3 15. Kf2 f5 16. Bf1 Qh6 17. Bg2 fxe4 18. Nxe4 Bf5 19. Qd4 Ne6 20. Qc3 Nxf4
0-1

[Event "IV C.to Europeo seniores"]
[Site "Arvier ITA"]
[Date "2004.09.13"]
[Round "4"]
[White "Macek, Vlasta"]
[Black "Lein, Marina"]
[Result "1-0"]
[WhiteElo "2230"]
[BlackElo "2007"]
[PlyCount "97"]
[EventDate "2004.09.10"]

1. d4 Nf6 2. c4 g6 3. Nf3 Bg7 4. Nc3 O-O 5. e4 d6 6. g3 c5 7. d5 Bg4 8. h3 Bxf3
9. Qxf3 Nfd7 10. Bd2 Na6 11. a3 Nc7 12. Bd3 a6 13. Rb1 Ne5 14. Qe2 Nxd3+ 15.
Qxd3 b5 16. O-O Qd7 17. Kg2 Rfb8 18. cxb5 Nxb5 19. Ne2 Nd4 20. Nxd4 Bxd4 21. b4
Qb5 22. Qc2 Qd7 23. Rfc1 cxb4 24. axb4 Rc8 25. Qd3 Qa7 26. Be1 Bg7 27. Rc6 Rxc6
28. dxc6 Qb6 29. Rc1 Rc8 30. Qd5 Qb5 31. Bd2 Be5 32. Qxb5 axb5 33. Be3 Bb2 34.
Rc2 Bf6 35. Bb6 e6 36. f4 Be7 37. Ba5 Kf8 38. Kf3 Ke8 39. e5 d5 40. g4 h6 41.
f5 exf5 42. gxf5 gxf5 43. Kf4 f6 44. Kxf5 fxe5 45. Kxe5 d4 46. Kxd4 Bd6 47. Kd5
Bc7 48. Bxc7 Rxc7 49. Kc5 1-0

[Event "IV C.to Europeo seniores"]
[Site "Arvier ITA"]
[Date "2004.09.13"]
[Round "4"]
[White "Marjanovic, Slavko"]
[Black "Schneiders, Albert"]
[Result "1/2-1/2"]
[WhiteElo "2024"]
[BlackElo "2236"]
[PlyCount "51"]
[EventDate "2004.09.10"]

1. d4 Nf6 2. c4 e6 3. Nf3 b6 4. g3 Bb7 5. Bg2 Be7 6. O-O O-O 7. Nc3 d5 8. cxd5
Nxd5 9. Qc2 Nd7 10. Nxd5 Bxd5 11. e4 Bb7 12. d5 e5 13. Rd1 h6 14. b3 Rc8 15.
Bb2 Bd6 16. Rac1 Qe7 17. Bh3 Rce8 18. Nh4 g6 19. Qd2 Kh7 20. Rc2 Nf6 21. Bc1
Ng8 22. Qe2 Bc8 23. Bxc8 Rxc8 24. Rf1 Rce8 25. Kg2 a5 26. f3 1/2-1/2

[Event "IV C.to Europeo seniores"]
[Site "Arvier ITA"]
[Date "2004.09.13"]
[Round "4"]
[White "Ofstad, Per"]
[Black "Beltrami, Nerio"]
[Result "0-1"]
[WhiteElo "2208"]
[BlackElo "1970"]
[PlyCount "72"]
[EventDate "2004.09.10"]

1. Nf3 Nf6 2. c4 g6 3. Nc3 Bg7 4. g3 O-O 5. Bg2 d6 6. O-O Nc6 7. d3 a6 8. Rb1
Nd7 9. Bd2 Nd4 10. Nxd4 Bxd4 11. Bh6 Re8 12. e3 Bh8 13. e4 c5 14. f4 Bd4+ 15.
Kh1 Nf6 16. f5 Kh8 17. g4 Ng8 18. Bd2 h6 19. Ne2 Be5 20. Bc3 g5 21. Qd2 Kh7 22.
Bf3 e6 23. d4 cxd4 24. Bxd4 Qf6 25. Rfd1 Ne7 26. Bc3 Nc6 27. Qxd6 Bxc3 28. Nxc3
Ne5 29. Nd5 Qh8 30. Nc7 Nxf3 31. Nxe8 Qxe8 32. Rd3 Nh4 33. f6 e5 34. Qe7 Bxg4
35. Rf1 Be2 36. Rd7 Bxf1 0-1

[Event "IV C.to Europeo seniores"]
[Site "Arvier ITA"]
[Date "2004.09.13"]
[Round "4"]
[White "Profaizer, Gino"]
[Black "Adibekian, Roubik"]
[Result "0-1"]
[WhiteElo "1990"]
[BlackElo "2219"]
[PlyCount "78"]
[EventDate "2004.09.10"]

1. d4 d5 2. c4 c6 3. cxd5 cxd5 4. Nc3 Nf6 5. Bf4 a6 6. e3 Nc6 7. Bd3 g6 8. h3
Bg7 9. Nf3 O-O 10. O-O b5 11. a3 Bb7 12. b4 Rc8 13. Qb3 e6 14. a4 Qe7 15. axb5
axb5 16. Rfb1 Ne4 17. Nxb5 e5 18. Bxe4 dxe4 19. Nxe5 Nxe5 20. Bxe5 Bxe5 21.
dxe5 Qxe5 22. Nd4 Bd5 23. Qb2 Qb8 24. b5 f5 25. b6 Rf7 26. Ra5 Rd8 27. Rc5 f4
28. Nc6 Bxc6 29. Rxc6 fxe3 30. fxe3 Qg3 31. Qb3 Rd3 32. Rc8+ Kg7 33. Qb2+ Kh6
34. b7 Rfd7 35. Qf2 Rd1+ 36. Rxd1 Rxd1+ 37. Qf1 Qxe3+ 38. Kh2 Rxf1 39. b8=Q Qe1
0-1

[Event "IV C.to Europeo seniores"]
[Site "Arvier ITA"]
[Date "2004.09.13"]
[Round "4"]
[White "Rosino, Antonio"]
[Black "Arkhangelsky, Boris"]
[Result "1/2-1/2"]
[WhiteElo "2277"]
[BlackElo "2376"]
[PlyCount "39"]
[EventDate "2004.09.10"]

1. e4 c5 2. Nf3 e6 3. c3 Nf6 4. e5 Nd5 5. d4 cxd4 6. cxd4 b6 7. Bd3 Bb7 8. O-O
d6 9. Nc3 Nxc3 10. bxc3 Nd7 11. Bf4 Qc7 12. Rc1 Be7 13. Re1 h6 14. Bb1 dxe5 15.
Nxe5 Nxe5 16. Bxe5 Bd6 17. Qg4 Bxe5 18. Rxe5 O-O-O 19. Be4 Bxe4 20. Qxe4
1/2-1/2